000 01010nam a22002777a 4500
005 2010101908158.0
008 101019t xxu||||| |||| 00| 0 hin d
010 _aHIN-94130
020 _c80.00
035 _aHN-66476
037 _bDBAD / PUB
040 _aDPL
_bHN
082 _a000
100 _923632
_aमेहता,शाम लाल
245 _aप्रश्नमंच /
_cशाम लाल मेहता
260 _aचण्डीगढ़
_bअभिषेक पब्लिशर्स
_c2000
270 _aएस.सी.ओ.57-59, सेक्टर17-सी,
_bचण्डीगढ़
_e160017
_k0172-2707562
300 1 _a176पृ
_c22सेमी (सजिल्द)
650 _9657
650 _934273
700 _934278
710 _934811
710 _935049
942 _2ddc
_cHN
_h000
_mमेहता
999 _c57246
_d57246